MARC

Tag First Indicator Second Indicator Subfields
LEADER 00000cam a2200000 a 4500
001 in00000987621
005 20150927153919.0
008 900620s1991 nju b 00110 eng
010 |a  90042210  
020 |a 0691068658 (alk. paper) :  |c $35.00 
020 |a 0691014930 (pbk. : alk. paper) :  |c $9.95 
035 |a (OCoLC)22005578 
035 |9 AEY0625AM 
040 |a DLC  |c DLC  |d TXA  |d UtOrBLW 
043 |a e-uk--- 
049 |a TXAM 
050 0 0 |a PR778.W65  |b L49 1991 
082 0 0 |a 828/.80809352042  |2 20 
100 1 |a Levy, Anita,  |d 1955- 
245 1 0 |a Other women :  |b the writing of class, race, and gender, 1832-1898 /  |c Anita Levy. 
264 1 |a Princeton, N.J. :  |b Princeton University Press,  |c [1991] 
264 4 |c ©1991 
300 |a 174 pages ;  |c 25 cm. 
336 |a text  |b txt  |2 rdacontent 
337 |a unmediated  |b n  |2 rdamedia 
338 |a volume  |b nc  |2 rdacarrier 
504 |a Includes bibliographical references (pages [157]-167) and index. 
650 0 |a English prose literature  |y 19th century  |x History and criticism. 
650 0 |a Women and literature  |z Great Britain  |x History  |y 19th century. 
650 0 |a Domestic fiction, English  |x History and criticism. 
651 0 |a Great Britain  |x Intellectual life  |y 19th century. 
650 0 |a Social classes in literature. 
650 0 |a Sex role in literature. 
650 0 |a Race in literature. 
999 |a MARS 
999 f f |s 0653a1d3-ac06-3b48-9db8-5b0321957078  |i 3b3a75a8-581a-3b4d-9e74-3585c124dc77  |t 0 
952 f f |p ric  |a Texas A&M University  |b Rellis Campus  |c Joint Library Facility  |d Remote Storage  |t 0  |e PR778.W65 L49 1991  |h Library of Congress classification  |i unmediated -- volume  |m A14813777736 
998 f f |a PR778.W65 L49 1991  |t 0  |l Remote Storage